000 03355cam a22011894i 4500
003 PE-LiUPU
005 20250813185523.0
008 150616s1969 ag a r 000 0 spa d
035 _a(Sirsi) a3796
040 _aPE-LiUPU
_bspa
_cPE-LiUPU
_dPE-LiUPU
_erda
049 _aPRUA
082 0 4 _a301.7498
_bG39
_221
100 1 _aGermani, Gino,
_eautor.
245 1 0 _aSociología de la modernización: estudios teóricos, metodológicos y aplicados a América Latina /
_cGino Germani.
264 1 _aBuenos Aires :
_bEditorial Paidós,
_c1969].
300 _a225 páginas :
_bilustraciones ;
_c23 centímetros.
336 _atext
_2rdacontent
337 _aunmediated
_2rdamedia
338 _avolume
_2rdacarrier
490 0 _aPsicología Social y Sociología ;
_v36
505 0 _aLas etapas del proceso de modernización en América Latina -- La movilización social y sus conflictos -- El impacto de la movilidad sobre el consenso y la aceptación del orden social -- Asimilación de migrantes en el medio urbano (aspectos teóricos y metodológicos) -- El proceso de urbanización en los países avanzados y en los países en desarrollo -- Notas dobre el problema de la explosión demográfica y el desarrollo económico -- Notas sobre el proceso de urbanización en América Latina.
526 _aP202
526 _aP201
526 _aP163
526 _aP162
526 _aP161
526 _aP160
526 _aP148
526 _aP147
526 _aP146
526 _aP145
526 _aP144
526 _aP143
526 _aP142
526 _aP141
526 _aP140
526 _aP139
526 _aP138
526 _aP137
526 _aP136
526 _aP135
526 _aP134
526 _aP133
526 _aP129
526 _aP128
526 _aP127
526 _aP120
526 _aP119
526 _aP118
526 _aP116
526 _aP115
526 _aP114
526 _aP110
526 _aP109
526 _aP108
526 _aP104
526 _aP103
526 _aP102
526 _aP99
526 _aP98
526 _aP97
526 _aP96
526 _aP95
526 _aP93
526 _aP90
526 _aP89
526 _aP88
526 _aP83
526 _aP82
526 _aP62
526 _aP59
526 _aP58
526 _aP57
526 _aP51
526 _aP49
526 _aP48
526 _aP47
526 _aP29
526 _aP24
526 _aP20
526 _aP19
526 _aP17
526 _aP15
526 _aP14
526 _aP12
526 _aP10
526 _aP09
526 _aP08
526 _aP07
526 _aP06
526 _aP05
526 _aP04
526 _aP01
650 0 4 _aSociologia moderna.
910 _ajck
_bjvq
_cjck
942 _2ddc
_cBOOK
949 _a301.7498 G39
_wDEWEY
_c1
_i12656
_lCCODEBUL1
_mBUL
_p20.00
_r0
_sY
_tBOOK
_u2015-04-23
_xEDUCACION
_PP20
_0COMPRA
_o.STAFF. Colección Ciencias Humanas y Educación
994 _aC0
_bPEPRU
596 _a1
999 _a301.7498 G39
_wDEWEY
_c46190
_i12656
_d46190
_e2016-10-26
_f2021-11-9
_g6
_lDISCARD
_mBUL
_n1
_p20.00
_r0
_sY
_tBOOK
_u2015-4-23
_xEDUCACION
_PP20
_0COMPRA
_o.STAFF. Colección Ciencias Humanas y Educación
980 _81
_gALBERTO SANCHEZ Responsable de Automatización